Normal view
MARC view
- EXPERIMENTALS TECHNIQUES DYNAMIC FAILURE VIBRATION BUCKLING PRODUCT LIABILITY HOLOGRAPHY MOIRE ANALYSIS SPECKLE PHASE SHIFTING NON DESTRUCTIVE TESTING
Entry Topical Term
001 - CONTROL NUMBER
- control field: 76617
003 - CONTROL NUMBER IDENTIFIER
- control field: NUST
005 - DATE AND TIME OF LATEST TRANSACTION
- control field: 20210628205658.0
008 - FIXED-LENGTH DATA ELEMENTS
- fixed length control field: 210628|| aca||aabn | a|a d
040 ## - CATALOGING SOURCE
- Original cataloging agency: NUST
- Transcribing agency: NUST
150 ## - HEADING--TOPICAL TERM
- Topical term or geographic name entry element: EXPERIMENTALS TECHNIQUES DYNAMIC FAILURE VIBRATION BUCKLING PRODUCT LIABILITY HOLOGRAPHY MOIRE ANALYSIS SPECKLE PHASE SHIFTING NON DESTRUCTIVE TESTING
670 ## - SOURCE DATA FOUND
- Source citation: Work cat.: (NUST): Allison, I.M 76616, Experimental mechnaics advances in design testing ans analysis, 1998
